Mapeo de actividades y sectores productivos agropecuarios: Costa Rica /

Gespeichert in:
Bibliographische Detailangaben
1. Verfasser: Céspedes V., Renzo
Weitere Verfasser: Picado, Mariela, Benach, Andrea
Format: Text
Veröffentlicht: San José : Friedrich Ebert Stiftung
Ausgabe:978
Tags: Tag hinzufügen
Keine Tags, Fügen Sie den ersten Tag hinzu!

MARC

LEADER 00000 a a2200000 04500
001 37788
003
040
020 |a 978-9968-930-20-8  
090 |a 0001 C422m  
100 |a Céspedes V., Renzo  
245 |a Mapeo de actividades y sectores productivos agropecuarios: Costa Rica /  |c Renzo Céspedes V. 
250 |a 978  
260 |a San José :   |b Friedrich Ebert Stiftung  
300 |a 485 p.  
300 |b map.  
700 |a Picado, Mariela  
700 |a Benach, Andrea  
999 |c 14373  |d 14373